Aproximación al Partido Comunista en Jalisco : 1926-1981 /

Uloženo v:
Podrobná bibliografie
Hlavní autor: Moreno González, María Guadalupe (autor)
Další autoři: Tamayo, Jesús (prólogo) (prólogo)
Médium: Kniha
Jazyk:španělština
Vydáno: Guadalajara, México : El Colegio de Jalisco, 2016, c2016
Edice:(Investigación El Colegio de Jalisco)
Témata:
Tagy: Přidat tag
Žádné tagy, Buďte první, kdo vytvoří štítek k tomuto záznamu!

MARC

LEADER 00000nam^a2200000^a^4500
001 000379705
005 20250521000000.0
009 20260310120533.653
020 |a 978-607-8350-52-0 
037 |a Acervo ITESO - Biblioteca 
041 |a ESP 
082 |a 324. 272  |b MOR 
100 |a Moreno González, María Guadalupe  |e (autor) 
245 1 0 |a Aproximación al Partido Comunista en Jalisco :  |b 1926-1981 /  |c M.G. Moreno González ; pról. de J. Tamayo. 
264 4 |a Guadalajara, México :  |b El Colegio de Jalisco,  |c 2016, c2016 
300 |a 280 p. 
336 |a texto  |b txt  |2 rdacontenido 
337 |a sin mediación  |b n  |2 rdamedio 
338 |a volumen  |b nc  |2 rdasoporte 
440 1 |a (Investigación El Colegio de Jalisco) 
649 |a XX 
650 |a Partidos de Izquierda -  |z Jalisco -  |x Historia -  |y Siglo XX 
650 |a Partidos de Izquierda -  |z México -  |x Historia -  |y Siglo XX 
650 |a Partidos Políticos -  |z Jalisco -  |x Historia -  |y Siglo XX 
650 |a Partidos Políticos -  |z México -  |x Historia -  |y Siglo XX 
650 |a Movimientos Sociales -  |z Jalisco -  |x Historia -  |y Siglo XX 
650 |a Movimientos Sociales -  |z México -  |x Historia -  |y Siglo XX 
650 |a Comunismo -  |z Jalisco -  |x Historia -  |y Siglo XX 
650 |a Comunismo -  |z México -  |x Historia -  |y Siglo XX 
650 |a Socialismo -  |z Jalisco -  |x Historia -  |y Siglo XX 
650 |a Socialismo -  |z México -  |x Historia -  |y Siglo XX 
650 |a Izquierda, La -  |z Jalisco -  |x Historia -  |y Siglo XX 
650 |a Izquierda, La -  |z México -  |x Historia -  |y Siglo XX 
650 |a Política -  |z Jalisco -  |x Historia -  |y 1928-2000 
650 |a Política -  |z Jalisco -  |x Historia -  |y Siglo XX 
650 |a Política -  |z México -  |x Historia -  |y 1928-2000 
650 |a Política -  |z México -  |x Historia -  |y Siglo XX 
650 |a Partido Comunista Mexicano -  |x Historia -  |x Tema Principal  |y 1928-2000 -  |z Jalisco - 
650 |a Partido Comunista Mexicano -  |x Historia -  |y Siglo XX  |z Jalisco - 
650 |a Partido Comunista Mexicano -  |x Historia -  |y 1928-2000 
650 |a Partido Comunista Mexicano -  |x Historia -  |y Siglo XX 
700 |a Tamayo, Jesús  |e (prólogo) 
910 |a Fondo General 
920 |a Impresos - Libros 
930 |a Colección General 
905 |a 101 
901 |a 0500274719  |b IT1  |c ACC  |i D76955  |u 20250521 
902 |a https://opac.biblio.iteso.mx/vufind/Record/000379705